000 00662nas a2200241 4500
001 BR8502751
003 BR-BrBNA
005 20231205090210.0
007 ta
008 230509b bl.|||p| |||| 00| 00por d
040 _aBR-BrBNA
_bpor
_cBiblioteca Nacional de Agricultura
041 _a(Pt)
072 _aP07
100 1 _aAnon.
245 1 _aGas metano, nova fonte de energia no campo
650 _aGAS
650 _aRECURSO ENERGETICO
650 _aCAMPO
650 _aCOMBUSTIVEL
773 0 _tDirigente Rural (Brazil)
_xISSN 0012-3374
_g(May 1985), v. 24(5) p. 30-38
_wBR8502751
909 _a202311
_bLúcia
_c55
_dLúcia Elande
942 _2AGRIS
_n0
_cANA
999 _c116743
_d116743